000 00805nam a2200229Ia 4500
001 IA_
002 CADENA DE FRiO EN EMPRESAS PROCESADORAS DE PRODUCT
008 220117s xx 000 0 und d
010 _a185602
530 _aDisponible en PDF
650 _aAlimentos congelados
_94302
650 _aFrozen foods
_9147452
650 _aIndustria del ganado y de la carne
_9147937
650 _aLivestock and meat industry
_9147938
650 _aMeat products
_xPreservation
_9159697
650 _aProductos cárnicos
_xConservación
_9159698
700 _aMaldonado Simán, Ema, dir.
_9156642
700 _aSánchez Moctezuma, Gabriela, asesor
_9163695
700 _aSzymanski Duque, Rosa Guadalupe, asesor
_9163684
942 _cTESIS R637 2014
999 _c185602
_d185602